000 00876nab a2200241 u 4500
001 13649
003 HDC
007 cr bn ---aaaaa
008 210213c my dr|nes 0 |0eng
040 _aHDC
245 0 _aSEMINAR RANTAIAN BEKALAN INDUSTRI MAKANAN UCAPAN PERASMIAN OLEH YB DATO' SRI MUSTAPA MOHAMED MENTERI PERDAGANGAN ANTARABANGSA DAN INDUSTRI
260 _a[no place] :
_b[publisher not identified],
_c[no year]
336 _atext
_2rdacontent
337 _acomputer
_2rdamedia
338 _aonline resource
_2rdacarrier
650 _aHalal certificate
_9482
650 _aHalal food industry
_9128
710 _aBernama
856 _zRequest full-text at [email protected]
942 _2lcc
942 _cNEWS
942 _kNWSO 002927
999 _c10965
_d10965